|
|
|
|
| LEADER |
01660cas a2200241 a 4500 |
| 001 |
AALejournalIMF005000 |
| 008 |
230101c9999 xx r poo 0 0eng d |
| 020 |
|
|
|c 5.00 USD
|
| 020 |
|
|
|z 9781451810981
|
| 022 |
|
|
|a 1934-7685
|
| 040 |
|
|
|a BD-DhAAL
|c BD-DhAAL
|
| 110 |
2 |
|
|a International Monetary Fund.
|
| 245 |
1 |
0 |
|a Dominica :
|b Use of Fund Resources; Request for Emergency Assistance; Staff Report; and Press Release on the Executive Board Discussion.
|
| 264 |
|
1 |
|a Washington, D.C. :
|b International Monetary Fund,
|c 2008.
|
| 300 |
|
|
|a 1 online resource (30 pages)
|
| 490 |
1 |
|
|a IMF Staff Country Reports
|
| 500 |
|
|
|a <strong>Off-Campus Access:</strong> No User ID or Password Required
|
| 500 |
|
|
|a <strong>On-Campus Access:</strong> No User ID or Password Required
|
| 506 |
|
|
|a Electronic access restricted to authorized BRAC University faculty, staff and students
|
| 520 |
3 |
|
|a Dominica was struck by Hurricane Dean during August 16-17, 2007. A recent earthquake also underscores the vulnerability of the economy to natural disasters. Output growth slowed during the first half of 2007 as tourist arrivals stagnated across the region. Inflation was 3 1\2 percent in July, reflecting higher energy and imported food prices. Structural reforms have continued after the expiration of the poverty reduction growth facility (PRGF) arrangement. The fiscal impact of the hurricane would be largely on the expenditure side.
|
| 538 |
|
|
|a Mode of access: Internet
|
| 830 |
|
0 |
|a IMF Staff Country Reports; Country Report ;
|v No. 2008/118
|
| 856 |
4 |
0 |
|z Full text available on IMF
|u http://elibrary.imf.org/view/journals/002/2008/118/002.2008.issue-118-en.xml
|z IMF e-Library
|